Las Relaciones de producción en los sectores agroexportadores de café y algodón en Nicaragua y El Salvador /
Gespeichert in:
| Körperschaften: | , |
|---|---|
| Format: | Text |
| Veröffentlicht: |
San José:
FLACSO. IVO
|
| Tags: |
Tag hinzufügen
Keine Tags, Fügen Sie den ersten Tag hinzu!
|
MARC
| LEADER | 00000 a a2200000 04500 | ||
|---|---|---|---|
| 001 | 24808 | ||
| 003 | |||
| 040 | |||
| 090 | |a 178500 | ||
| 110 | |a FLACSO | ||
| 245 | |a Las Relaciones de producción en los sectores agroexportadores de café y algodón en Nicaragua y El Salvador / |c FLACSO | ||
| 260 | |a San José: |b FLACSO. IVO | ||
| 300 | |a 80 p. |b **no definido** | ||
| 710 | |a IVO | ||
| 999 | |c 10926 |d 10926 | ||
